| 000 | 01188nam a22002897a 4500 | ||
|---|---|---|---|
| 999 |
_c22780 _d22780 |
||
| 003 | AR-CdUCM | ||
| 008 | 240305b20182018pe ||||| |||| 00| 0 spa d | ||
| 020 | _a978-612-4392-09-2 | ||
| 040 |
_aMUNICIPALIDAD PROVINCIAL DEL CUSCO _cBIBLIOTECA MUNICIPAL DEL CUSCO |
||
| 041 | _hspa | ||
| 082 |
_a199.85 / M26 _bM26 |
||
| 100 |
_aMarín Benítez, Ciro _949416 |
||
| 245 |
_aFilosofía Tawantinsuyana : _bUna Perspectiva Epistémica / |
||
| 260 |
_aSan Jerónimo-Cusco : _bUniversidad Andina del Cusco, _c2018 |
||
| 300 |
_a298 páginas. : _c21 cm. |
||
| 500 | _zBibliografía: 288-293 | ||
| 505 | _aEurocentrismo filosófico -- Filósofos occidentalistas -- Hacia una filosofía andina -- La Ruta de Wiracocha -- Q´hapac Ñan -- Ciencias formales y ciencias fácticas -- Epistemología posmoderna -- La geodesia tawantinsuyana -- El recogimiento-- La espiritualidad. | ||
| 650 |
_aFilosofía _9395 |
||
| 650 |
_aFilosofía occidental _916876 |
||
| 650 |
_aFilosofía andina _911655 |
||
| 650 |
_aQhapaq kuna _949417 |
||
| 650 |
_aAstronomía tawantinsuyana _949418 |
||
| 650 |
_aEl ayni _949419 |
||
| 856 | _fwww.uandina.edu.pe | ||
| 942 |
_2ddc _cLIBROS |
||
| 945 |
_apbj _d05-03-2024 |
||